[Event "Faxe Dags op"]
[Site "Faxe"]
[Date "2017.04.26"]
[Round "4"]
[White "Sorensen, Lindved"]
[Black "Arnkilde, Anders"]
[Result "0-1"]
[WhiteElo "1749"]
[BlackElo "2047"]
[PlyCount "44"]
[EventDate "2017.04.05"]
[EventType "swiss"]
[EventRounds "7"]
[EventCountry "DEN"]
[SourceTitle "EXT 2021"]
[Source "ChessBase"]
[SourceDate "2020.10.23"]
[SourceVersion "1"]
[SourceVersionDate "2020.10.23"]
[SourceQuality "1"]

1. Nf3 Nf6 2. c4 Nc6 3. g3 e5 4. d3 d5 5. b3 Bb4+ 6. Bd2 e4 7. cxd5 Qxd5 8. dxe4 Nxe4 9. e3 Nxd2 10. Nbxd2 Bxd2+ 11. Ke2 Bg4 12. Bg2 Ne5 13. Qxd2 Bxf3+ 14. Ke1 Nd3+ 15. Qxd3 Qxd3 16. Bxf3 Qc3+ 17. Ke2 Qb2+ 18. Kd3 0-0-0+ 19. Ke4 Qf6 20. Bg4+ Kb8 21. f4 Qc6+ 22. Kf5 Qd5# 0-1

[Event "Faxe Dags op"]
[Site "Faxe"]
[Date "2015.05.27"]
[Round "7"]
[White "Sorensen, Lindved"]
[Black "Andersen, Bjarne Hjorth"]
[Result "0-1"]
[WhiteElo "1698"]
[BlackElo "1994"]
[PlyCount "76"]
[EventDate "2015.04.07"]
[EventType "swiss"]
[EventRounds "7"]
[EventCountry "DEN"]
[SourceTitle "EXT 2021"]
[Source "ChessBase"]
[SourceDate "2020.10.23"]
[SourceVersion "1"]
[SourceVersionDate "2020.10.23"]
[SourceQuality "1"]

1. Nf3 Nf6 2. c4 g6 3. b3 Bg7 4. Bb2 0-0 5. g3 d6 6. Bg2 e5 7. d3 Nc6 8. 0-0 Bd7 9. Nc3 Qc8 10. Ne1 Re8 11. Nd5 Ne7 12. Nxf6+ Bxf6 13. f4 Bc6 14. fxe5 Bxe5 15. d4 Bxg2 16. Nxg2 Bg7 17. e4 Nc6 18. Qf3 Qd7 19. Rad1 Re7 20. Bc3 Rae8 21. Rfe1 Nd8 22. Nf4 c6 23. e5 dxe5 24. dxe5 Qc7 25. e6 Nxe6 26. Bxg7 Nxg7 27. Rf1 Nf5 28. Ng2 Ne3 29. Nxe3 Rxe3 30. Qf6 R3e6 31. Qf2 b6 32. Rd4 f5 33. Qd2 Re2 34. Qg5 Qe5 35. Rd7 Qe4 36. Rf2 Re1+ 37. Rf1 Rxf1+ 38. Kxf1 Qf3+ 0-1

[Event "Faxe Dags op"]
[Site "Faxe"]
[Date "2015.04.29"]
[Round "4"]
[White "Sorensen, Lindved"]
[Black "Lindskov, Villy"]
[Result "1-0"]
[WhiteElo "1698"]
[BlackElo "1918"]
[PlyCount "31"]
[EventDate "2015.04.07"]
[EventType "swiss"]
[EventRounds "7"]
[EventCountry "DEN"]
[SourceTitle "EXT 2021"]
[Source "ChessBase"]
[SourceDate "2020.10.23"]
[SourceVersion "1"]
[SourceVersionDate "2020.10.23"]
[SourceQuality "1"]

1. Nf3 b6 2. g3 Bb7 3. Bg2 Nf6 4. 0-0 d5 5. c4 e6 6. b3 Be7 7. Bb2 Nbd7 8. d3 0-0 9. Nbd2 c5 10. Ne5 Nxe5 11. Bxe5 Nd7 12. f4 f6 13. Bb2 Qc7 14. e3 Rad8 15. Qg4 f5 16. Qxg7# 1-0

[Event "Borup Skovbo op"]
[Site "Borup"]
[Date "2014.09.12"]
[Round "6"]
[White "Simonsen, Per"]
[Black "Sorensen, Lindved"]
[Result "1-0"]
[WhiteElo "1869"]
[BlackElo "1728"]
[PlyCount "99"]
[EventDate "2014.09.05"]
[EventType "swiss"]
[EventRounds "9"]
[EventCountry "DEN"]
[SourceTitle "CBM 162 Extra"]
[Source "ChessBase"]
[SourceDate "2014.10.17"]
[SourceVersion "1"]
[SourceVersionDate "2014.10.17"]
[SourceQuality "1"]

1. d4 Nf6 2. c4 c5 3. d5 e6 4. Nc3 exd5 5. cxd5 d6 6. e4 g6 7. Bd3 Bg7 8. Bg5 0-0 9. Qd2 a6 10. a4 Re8 11. f3 Nbd7 12. Nh3 Ne5 13. Be2 Bd7 14. Nf2 Qc7 15. Bxf6 Bxf6 16. f4 Ng4 17. Nxg4 Bxg4 18. Bxg4 Bxc3 19. bxc3 Rxe4+ 20. Kf2 Qa5 21. Rhe1 Rae8 22. Bf3 Rxe1 23. Rxe1 Rxe1 24. Qxe1 Qxa4 25. g3 Kg7 26. Qc1 Qc4 27. Qb2 b5 28. Be2 Qxd5 29. c4+ Qd4+ 30. Qxd4+ cxd4 31. cxb5 axb5 32. Bxb5 h6 33. Ke2 g5 34. Kd3 Kf6 35. Bd7 Ke7 36. Bc8 Kf6 37. Kxd4 h5 38. Kd5 gxf4 39. gxf4 Ke7 40. h4 f6 41. f5 Ke8 42. Kxd6 Kf7 43. Ba6 Kf8 44. Ke6 Kg7 45. Ke7 Kg8 46. Kxf6 Kf8 47. Be2 Kg8 48. Bxh5 Kf8 49. Be2 Kg8 50. Ke7 1-0

[Event "Faxe EMT"]
[Site "Faxe"]
[Date "2013.05.08"]
[Round "5"]
[White "Rasmussen, Frede"]
[Black "Sorensen, Lindved"]
[Result "0-1"]
[WhiteElo "1441"]
[BlackElo "1522"]
[PlyCount "128"]
[EventDate "2013.04.03"]
[EventType "swiss"]
[EventRounds "7"]
[EventCountry "DEN"]
[SourceTitle "EXT 2023"]
[Source "ChessBase"]
[SourceDate "2022.10.05"]
[SourceVersion "1"]
[SourceVersionDate "2022.10.05"]
[SourceQuality "1"]

1. d4 Nf6 2. h3 e6 3. Bf4 Nc6 4. e3 d5 5. c3 Bd6 6. Bd3 e5 7. dxe5 Nxe5 8. Bxe5 Bxe5 9. Nf3 Bd6 10. Nd4 Bd7 11. Nf5 Bxf5 12. Bxf5 g6 13. Bc2 0-0 14. Nd2 Qe7 15. Nf3 Rad8 16. Qd2 c6 17. a3 Ne4 18. Bxe4 dxe4 19. Nd4 Bc7 20. Qc2 a6 21. 0-0 c5 22. Ne2 Qe5 23. g3 Rd3 24. Nf4 c4 25. Nxd3 exd3 26. Qd1 Qe6 27. Kg2 Qe4+ 28. Qf3 Re8 29. Rad1 b5 30. Rd2 Qe5 31. Re1 Re6 32. Qa8+ Kg7 33. e4 Qg5 34. Rdd1 Rf6 35. Qd5 Qxd5 36. exd5 Rf5 37. Re4 Rxd5 38. f4 Rd6 39. Kf3 Bb6 40. g4 h6 41. h4 Bd8 42. g5 h5 43. Rd4 Bc7 44. Re1 Rc6 45. Re7 Bd6 46. Ree4 Bc5 47. Rd8 Rd6 48. Rxd6 Bxd6 49. Re8 d2 50. Ke2 Bxf4 51. Re4 d1Q+ 52. Kxd1 Bd6 53. Re8 a5 54. Re4 f5 55. Re3 Kf7 56. Ke2 Bf4 57. Rf3 Bc1 58. b4 cxb3 59. Kd1 Bxa3 60. Rd3 Bb2 61. Rd5 a4 62. Rxb5 a3 63. Rxb3 a2 64. Rb7+ Ke6 0-1

[Event "Faxe EMT"]
[Site "Faxe"]
[Date "2013.04.17"]
[Round "3"]
[White "Sorensen, Lindved"]
[Black "Christoffersen, Ib"]
[Result "1-0"]
[WhiteElo "1522"]
[BlackElo "1441"]
[PlyCount "61"]
[EventDate "2013.04.03"]
[EventType "swiss"]
[EventRounds "7"]
[EventCountry "DEN"]
[SourceTitle "EXT 2023"]
[Source "ChessBase"]
[SourceDate "2022.10.05"]
[SourceVersion "1"]
[SourceVersionDate "2022.10.05"]
[SourceQuality "1"]

1. Nf3 d5 2. c4 d4 3. e3 dxe3 4. fxe3 Bg4 5. Be2 e6 6. 0-0 Nc6 7. d4 Nf6 8. Nc3 Be7 9. d5 Nb8 10. Qb3 Qc8 11. Ne5 Bxe2 12. Nxe2 0-0 13. Nf4 Bd6 14. Nfd3 exd5 15. cxd5 Nbd7 16. Nxd7 Nxd7 17. e4 b6 18. Bf4 Qe8 19. Bxd6 cxd6 20. Qb4 Qe7 21. Rae1 a5 22. Qa3 b5 23. Qb3 Rab8 24. Qc3 b4 25. Qc7 Ra8 26. e5 Rfd8 27. exd6 Qh4 28. Re7 Qd4+ 29. Nf2 Ne5 30. Re1 Nd3 31. Qxd8+ 1-0

[Event "Faxe EMT"]
[Site "Faxe"]
[Date "2012.03.28"]
[Round "1"]
[White "Toftvang, Ove"]
[Black "Sorensen, Lindved"]
[Result "1-0"]
[WhiteElo "1252"]
[BlackElo "1501"]
[PlyCount "93"]
[EventDate "2012.03.28"]
[EventType "swiss"]
[EventRounds "7"]
[EventCountry "DEN"]
[SourceTitle "EXT 2023"]
[Source "ChessBase"]
[SourceDate "2022.10.05"]
[SourceVersion "1"]
[SourceVersionDate "2022.10.05"]
[SourceQuality "1"]

1. d4 Nf6 2. g3 e6 3. Bg2 c5 4. c3 cxd4 5. cxd4 Nc6 6. a3 Qb6 7. Nf3 Na5 8. Nbd2 d5 9. 0-0 Bd6 10. Qc2 Bd7 11. b4 Nc6 12. e3 Rc8 13. Qd1 a5 14. bxa5 Nxa5 15. Rb1 Qa6 16. Re1 0-0 17. Ne5 Nc4 18. Nxd7 Nxd7 19. Bf1 b5 20. e4 Bxa3 21. exd5 exd5 22. Bxa3 Nxa3 23. Rb3 Nc4 24. Nf3 f6 25. Bh3 Qc6 26. Be6+ Kh8 27. Bh3 Rce8 28. Qd3 Nd6 29. Rc3 Nc4 30. Qf5 Ndb6 31. Rcc1 g6 32. Qc2 Re4 33. Rcd1 Rfe8 34. Bg2 Nc8 35. Rxe4 dxe4 36. Ne1 N8d6 37. Nd3 exd3 38. Qxd3 Qb6 39. h4 Nb2 40. Qf3 Nxd1 41. Qxf6+ Kg8 42. Bd5+ Nf7 43. Qxf7+ Kh8 44. Qxe8+ Kg7 45. Qf7+ Kh6 46. Qf8+ Kh5 47. Bf3# 1-0

[Event "Faxe EMT"]
[Site "Faxe"]
[Date "2011.05.18"]
[Round "7"]
[White "Sorensen, Lindved"]
[Black "Andersen, Hans Poul"]
[Result "1/2-1/2"]
[WhiteElo "1505"]
[BlackElo "1217"]
[PlyCount "129"]
[EventDate "2011.04.11"]
[EventType "swiss"]
[EventRounds "7"]
[EventCountry "DEN"]
[SourceTitle "EXT 2023"]
[Source "ChessBase"]
[SourceDate "2022.10.05"]
[SourceVersion "1"]
[SourceVersionDate "2022.10.05"]
[SourceQuality "1"]

1. Nf3 d5 2. c4 e6 3. b3 Nf6 4. g3 h6 5. Bb2 Be7 6. Bg2 c6 7. 0-0 0-0 8. d3 Nbd7 9. Nbd2 b6 10. e4 dxc4 11. e5 Ne8 12. Nxc4 Bb7 13. Nd4 Qc8 14. Qf3 Nc5 15. Nxc6 Bxc6 16. Qxc6 Qxc6 17. Bxc6 Rd8 18. d4 Na6 19. Rfd1 Nec7 20. a4 Nd5 21. Bxd5 Rxd5 22. Ne3 Rd7 23. Rac1 Rfd8 24. Rc4 Nc7 25. Rdc1 Nd5 26. Nxd5 Rxd5 27. Rc7 R5d7 28. Rxd7 Rxd7 29. Rc8+ Kh7 30. f4 Bb4 31. Kf2 g6 32. Ke3 h5 33. h3 Be7 34. g4 hxg4 35. hxg4 Bb4 36. Ke4 Kg7 37. f5 gxf5+ 38. gxf5 Bf8 39. Bc1 exf5+ 40. Kd3 Be7 41. Rc6 f6 42. Bf4 fxe5 43. Bxe5+ Kf7 44. Ke3 Bg5+ 45. Kf3 Re7 46. Rc7 Rxc7 47. Bxc7 Ke6 48. Bb8 a6 49. Bc7 b5 50. axb5 axb5 51. Bb6 Kd5 52. Bc5 Bh6 53. Ke2 Ke4 54. Bb6 Bg7 55. d5 Kxd5 56. Kf3 Be5 57. Be3 Bd6 58. Bf2 b4 59. Be3 f4 60. Bf2 Be7 61. Bg1 Bd6 62. Bf2 Bc5 63. Be1 Bd6 64. Bf2 Be5 65. Be1 1/2-1/2

[Event "Faxe EMT"]
[Site "Faxe"]
[Date "2011.05.04"]
[Round "5"]
[White "Kjeldgaard, Lennart"]
[Black "Sorensen, Lindved"]
[Result "1-0"]
[WhiteElo "1565"]
[BlackElo "1505"]
[PlyCount "119"]
[EventDate "2011.04.11"]
[EventType "swiss"]
[EventRounds "7"]
[EventCountry "DEN"]
[SourceTitle "EXT 2023"]
[Source "ChessBase"]
[SourceDate "2022.10.05"]
[SourceVersion "1"]
[SourceVersionDate "2022.10.05"]
[SourceQuality "1"]

1. e4 d5 2. e5 c5 3. c3 Nc6 4. Bb5 Bd7 5. d4 cxd4 6. Bxc6 bxc6 7. cxd4 Rb8 8. Ne2 e6 9. b3 c5 10. Be3 cxd4 11. Bxd4 Bb4+ 12. Bc3 Ne7 13. Bxb4 Rxb4 14. Qd2 Nc6 15. 0-0 Re4 16. f4 Qb6+ 17. Kh1 Qe3 18. Qxe3 Rxe3 19. Ng3 Nd4 20. Nd2 Bb5 21. Rac1 0-0 22. Rfd1 Ne2 23. Nxe2 Rxe2 24. a4 Bd3 25. Rc3 Be4 26. Nxe4 Rxe4 27. g3 g5 28. Rf1 Rb8 29. Kg2 g4 30. h3 Re2+ 31. Kh1 gxh3 32. g4 Rg2 33. g5 Rb2 34. Rff3 h2 35. Rh3 Kg7 36. Rcg3 Rb4 37. Rg2 Rxg2 38. Kxg2 Rxf4 39. Kxh2 Rf5 40. Rg3 Rxe5 41. Kg2 Rf5 42. Rg4 Kg6 43. b4 Rxg5 44. Rxg5+ Kxg5 45. b5 Kf6 46. a5 Ke7 47. b6 axb6 48. a6 d4 49. a7 e5 50. a8Q Ke6 51. Qc6+ Kf5 52. Qxb6 f6 53. Qb1+ e4 54. Qb5+ Kf4 55. Qb8+ Kf5 56. Qc8+ Ke5 57. Qc7+ Kf5 58. Qxh7+ Ke5 59. Qe7+ Kf5 60. Qc5+ 1-0

[Event "Faxe EMT"]
[Site "Faxe"]
[Date "2010.05.05"]
[Round "7"]
[White "Sorensen, Lindved"]
[Black "Hansen, Egon"]
[Result "1/2-1/2"]
[WhiteElo "1598"]
[BlackElo "1522"]
[PlyCount "111"]
[EventDate "2010.03.17"]
[EventType "swiss"]
[EventRounds "7"]
[EventCountry "DEN"]
[SourceTitle "EXT 2023"]
[Source "ChessBase"]
[SourceDate "2022.10.05"]
[SourceVersion "1"]
[SourceVersionDate "2022.10.05"]
[SourceQuality "1"]

1. Nf3 d5 2. c4 Nf6 3. b3 Bg4 4. Ne5 Bf5 5. Bb2 Nbd7 6. d4 e6 7. cxd5 exd5 8. e3 Bd6 9. Be2 0-0 10. 0-0 c6 11. Nd2 Qc7 12. Ndf3 Ng4 13. Nh4 Ngxe5 14. Nxf5 Ng6 15. Nxd6 Qxd6 16. a4 Rfe8 17. Ba3 Qe6 18. Bg4 f5 19. Bh3 Nf6 20. Qf3 Ng4 21. Bxg4 fxg4 22. Qg3 Rad8 23. Rac1 Rd7 24. Rc3 Rf7 25. Bc5 a6 26. f4 Ne7 27. Ba3 h5 28. Qh4 g6 29. Qe1 Nf5 30. Bc1 Nxd4 31. Rd3 Nf5 32. Qc3 Qf6 33. Qd2 Rfe7 34. Bb2 Qe6 35. Qc3 Rh7 36. Qe5 Qf7 37. Qc3 Nd6 38. Qb4 Ne4 39. Be5 Qe7 40. Qd4 Rf7 41. g3 Nc5 42. Rc3 Nd7 43. Bc7 Qf6 44. Qd2 Re4 45. Rd3 Rf8 46. Ba5 Rfe8 47. Bc3 Qe6 48. Re1 Nc5 49. Bd4 Nxd3 50. Qxd3 Qf7 51. Ba1 R8e7 52. Qc3 d4 53. Qb2 c5 54. Kf2 Rxe3 55. Rxe3 Rxe3 56. Qc2 1/2-1/2

[Event "Faxe EMT"]
[Site "Faxe"]
[Date "2010.03.31"]
[Round "3"]
[White "Larsen, Paul M"]
[Black "Sorensen, Lindved"]
[Result "1-0"]
[WhiteElo "1472"]
[BlackElo "1598"]
[PlyCount "59"]
[EventDate "2010.03.17"]
[EventType "swiss"]
[EventRounds "7"]
[EventCountry "DEN"]
[SourceTitle "EXT 2023"]
[Source "ChessBase"]
[SourceDate "2022.10.05"]
[SourceVersion "1"]
[SourceVersionDate "2022.10.05"]
[SourceQuality "1"]

1. d4 Nf6 2. c4 c5 3. Nf3 e6 4. Nc3 b6 5. d5 exd5 6. cxd5 d6 7. e4 g6 8. Be2 Bg7 9. 0-0 0-0 10. Nd2 Re8 11. f3 a6 12. Rb1 b5 13. b3 Bd7 14. a3 Ng4 15. fxg4 Bxc3 16. Bb2 Bxd2 17. Qxd2 Rxe4 18. Qh6 Qf8 19. Qd2 Qe7 20. Bf3 Rxg4 21. Bxg4 Bxg4 22. Bf6 Qf8 23. Qf4 Bf5 24. Rbe1 Ra7 25. g4 Bd3 26. Rf3 c4 27. Rfe3 Nd7 28. Re8 Nxf6 29. Rxf8+ Kxf8 30. Qxf6 1-0

[Event "Roskilde 100 years"]
[Site "Roskilde"]
[Date "2008.10.17"]
[Round "8"]
[White "Zmylon, Frederik Nielsen"]
[Black "Sorensen, Lindved"]
[Result "1-0"]
[WhiteElo "1367"]
[BlackElo "1592"]
[PlyCount "139"]
[EventDate "2008.10.11"]
[EventType "swiss"]
[EventRounds "9"]
[EventCountry "DEN"]
[SourceTitle "EXT 2018"]
[Source "ChessBase"]
[SourceDate "2017.10.13"]
[SourceVersion "1"]
[SourceVersionDate "2017.10.13"]
[SourceQuality "1"]

1. e4 d5 2. exd5 Nf6 3. Nc3 Nxd5 4. Bc4 c6 5. Nf3 Bg4 6. h3 Be6 7. Nxd5 Bxd5 8. Bxd5 cxd5 9. 0-0 e6 10. d3 Bc5 11. d4 Bd6 12. c3 0-0 13. Re1 Nc6 14. Bg5 f6 15. Be3 Qd7 16. Qd2 b5 17. Bf4 a5 18. Bxd6 Qxd6 19. Qe2 e5 20. dxe5 fxe5 21. Qxb5 e4 22. Nd4 Nxd4 23. cxd4 Qf6 24. Qxd5+ Kh8 25. Rf1 Rae8 26. Rae1 Qf4 27. Qxa5 Rf5 28. Qc3 Ref8 29. Qe3 Qb8 30. b3 Qa7 31. a4 Qf7 32. f3 exf3 33. Rxf3 g6 34. Rxf5 gxf5 35. Qe5+ Kg8 36. Qe6 Rb8 37. Qxf7+ Kxf7 38. Re3 Rb4 39. Rd3 Ke6 40. Kf2 Kd5 41. Ke3 Rb6 42. Kf4 Rg6 43. Rg3 Rb6 44. Rd3 Rf6 45. g3 h6 46. h4 Ke6 47. Rc3 Kd5 48. Rc5+ Kxd4 49. Rxf5 Re6 50. Rb5 Re4+ 51. Kf5 Re3 52. g4 Rg3 53. g5 Rh3 54. gxh6 Kc3 55. Kg4 Rd3 56. h7 Rd8 57. Rh5 Rh8 58. Kg5 Kxb3 59. Kg6 Kxa4 60. Kg7 Rc8 61. h8Q Rc7+ 62. Kg6 Rc6+ 63. Qf6 Rc4 64. Qa6+ Kb3 65. Rb5+ Kc3 66. Qa3+ Kd4 67. Rb4 Kc5 68. Rxc4+ Kxc4 69. h5 Kd5 70. h6 1-0

[Event "Roskilde 100 years"]
[Site "Roskilde"]
[Date "2008.10.15"]
[Round "6"]
[White "Christensen, Simon Ellegaard"]
[Black "Sorensen, Lindved"]
[Result "1-0"]
[WhiteElo "1720"]
[BlackElo "1592"]
[PlyCount "79"]
[EventDate "2008.10.11"]
[EventType "swiss"]
[EventRounds "9"]
[EventCountry "DEN"]
[SourceTitle "EXT 2018"]
[Source "ChessBase"]
[SourceDate "2017.10.13"]
[SourceVersion "1"]
[SourceVersionDate "2017.10.13"]
[SourceQuality "1"]

1. d4 Nf6 2. Nf3 e6 3. Bf4 d5 4. e3 Bd6 5. Bg3 Ne4 6. Bd3 Nxg3 7. hxg3 f5 8. Nbd2 Nd7 9. c3 c5 10. Nh4 Qg5 11. g4 0-0 12. gxf5 exf5 13. Qf3 Nb6 14. 0-0-0 cxd4 15. exd4 Bf4 16. Qh3 Nc4 17. Bxc4 dxc4 18. g3 Bxd2+ 19. Rxd2 f4 20. Qg2 f3 21. Nxf3 Qd5 22. Ne1 Be6 23. Qxd5 Bxd5 24. Rh5 Bf7 25. Re5 Bg6 26. f4 h5 27. Nf3 Bd3 28. Rxh5 g6 29. Rg5 Kg7 30. Ne5 Bf5 31. g4 Bd3 32. f5 Bxf5 33. gxf5 Rxf5 34. Rxg6+ Kf8 35. Rh2 Rf1+ 36. Kc2 Re8 37. Rh8+ Ke7 38. Rg7+ Kf6 39. Rf7+ Kg5 40. Rxe8 1-0

[Event "Roskilde 100 years"]
[Site "Roskilde"]
[Date "2008.10.13"]
[Round "4"]
[White "Sorensen, Lindved"]
[Black "Schmidt, Horst Hubert"]
[Result "1-0"]
[WhiteElo "1592"]
[BlackElo "1778"]
[PlyCount "133"]
[EventDate "2008.10.11"]
[EventType "swiss"]
[EventRounds "9"]
[EventCountry "DEN"]
[SourceTitle "EXT 2018"]
[Source "ChessBase"]
[SourceDate "2017.10.13"]
[SourceVersion "1"]
[SourceVersionDate "2017.10.13"]
[SourceQuality "1"]

1. Nf3 d6 2. c4 e5 3. d3 g6 4. b3 Bg7 5. Bb2 Nc6 6. g3 Be6 7. Bg2 Qd7 8. 0-0 Nge7 9. Ng5 0-0 10. Nxe6 Qxe6 11. Nc3 a6 12. Nd5 Rac8 13. f4 Qd7 14. fxe5 dxe5 15. Nf6+ Bxf6 16. Rxf6 Rfe8 17. Qf1 Nf5 18. Bd5 Nd8 19. Qf3 Qe7 20. Rxf5 gxf5 21. Qxf5 Nc6 22. Rf1 Kh8 23. Rf4 f6 24. Bxc6 bxc6 25. Qxf6+ Qxf6 26. Rxf6 Kg8 27. Rxc6 a5 28. Rc5 e4 29. d4 a4 30. d5 axb3 31. axb3 Rb8 32. Rxc7 Rxb3 33. Rg7+ Kf8 34. Bd4 Rc8 35. c5 Rxc5 36. Rxh7 Rxd5 37. e3 Rf5 38. Kg2 Rd3 39. Rh4 Rd2+ 40. Kh3 Rff2 41. Rxe4 Rxh2+ 42. Kg4 Rd1 43. Be5 Kf7 44. Kg5 Rd5 45. Kf5 Rh5+ 46. Kf4 Kg6 47. Bd4 Rdf5+ 48. Kg4 Rhg5+ 49. Kh3 Rf1 50. Re6+ Kf7 51. Re4 Rg1 52. Be5 Kg6 53. Bf4 Rh5+ 54. Kg4 Rb5 55. Re6+ Kf7 56. Re5 Rb3 57. e4 Rb6 58. Rf5+ Rf6 59. Rc5 Rb1 60. e5 Re6 61. Kf5 Rbb6 62. g4 Re7 63. Bg5 Reb7 64. Bf6 Rb1 65. e6+ Kg8 66. Kg6 Rb8 67. Rh5 1-0

[Event "Roskilde 100 years"]
[Site "Roskilde"]
[Date "2008.10.12"]
[Round "3"]
[White "Marshall, Michael"]
[Black "Sorensen, Lindved"]
[Result "1-0"]
[WhiteElo "1765"]
[BlackElo "1592"]
[PlyCount "35"]
[EventDate "2008.10.11"]
[EventType "swiss"]
[EventRounds "9"]
[EventCountry "DEN"]
[SourceTitle "EXT 2018"]
[Source "ChessBase"]
[SourceDate "2017.10.13"]
[SourceVersion "1"]
[SourceVersionDate "2017.10.13"]
[SourceQuality "1"]

1. d4 Nf6 2. Nf3 e6 3. e3 c5 4. Bd3 cxd4 5. exd4 Nc6 6. 0-0 Qb6 7. Re1 Nxd4 8. Nxd4 Qxd4 9. Rxe6+ Kd8 10. Re1 Bc5 11. Be3 Qxb2 12. Bxc5 Qxa1 13. Be7+ Kc7 14. Bc4 d5 15. Bxd5 Nxd5 16. Qxd5 Be6 17. Qd6+ Kc8 18. Rd1 1-0

[Event "Lovfalds EMT 18th C"]
[Site "Ringsted"]
[Date "2004.09.19"]
[Round "5"]
[White "Jorgensen, Mikkel"]
[Black "Sorensen, Lindved"]
[Result "1-0"]
[WhiteElo "1739"]
[BlackElo "1617"]
[PlyCount "81"]
[EventDate "2004.09.17"]
[EventType "tourn"]
[EventRounds "5"]
[EventCountry "DEN"]
[SourceTitle "EXT 2023"]
[Source "ChessBase"]
[SourceDate "2022.10.05"]
[SourceVersion "1"]
[SourceVersionDate "2022.10.05"]
[SourceQuality "1"]

1. d4 Nf6 2. f3 e6 3. e4 Bb4+ 4. Nc3 Qe7 5. a3 Ba5 6. Be3 0-0 7. Bd3 Re8 8. Nge2 Bb6 9. Na4 d6 10. Nxb6 axb6 11. 0-0 c5 12. c3 Bd7 13. e5 dxe5 14. dxe5 Nd5 15. Bd2 b5 16. Ng3 c4 17. Bc2 Qc5+ 18. Kh1 Ne3 19. Bxe3 Qxe3 20. Re1 Qb6 21. Ne4 Bc6 22. Nd6 Rd8 23. Qe2 Bd5 24. Rad1 Nc6 25. f4 Ne7 26. Bxh7+ Kf8 27. Qh5 Rxd6 28. exd6 Qxd6 29. Be4 Qd8 30. Qh8+ Ng8 31. Bh7 Ke7 32. Qxg8 Qxg8 33. Bxg8 Bxg2+ 34. Kxg2 Rxg8 35. Rd2 g5 36. f5 Kf6 37. fxe6 fxe6 38. Rde2 Re8 39. Re5 Re7 40. Rxb5 e5 41. Rc5 1-0

[Event "Lovsprings op-B 13th"]
[Site "Ringsted"]
[Date "2002.04.14"]
[Round "5"]
[White "Eckert, Svend"]
[Black "Sorensen, Lindved"]
[Result "1-0"]
[WhiteElo "1814"]
[BlackElo "1624"]
[PlyCount "39"]
[EventDate "2002.03.08"]
[EventType "swiss"]
[EventRounds "7"]
[EventCountry "DEN"]
[SourceTitle "EXT 2023"]
[Source "ChessBase"]
[SourceDate "2022.10.05"]
[SourceVersion "1"]
[SourceVersionDate "2022.10.05"]
[SourceQuality "1"]

1. c4 Nf6 2. d4 c5 3. d5 e6 4. Nc3 exd5 5. cxd5 d6 6. e4 g6 7. f4 Bg7 8. Nf3 0-0 9. Bd3 Re8 10. 0-0 c4 11. Bc2 Bd7 12. f5 Ng4 13. fxg6 hxg6 14. Bg5 Qb6+ 15. Kh1 Nf2+ 16. Rxf2 Qxf2 17. Bd2 b5 18. a3 Na6 19. Qc1 Nc5 20. Be3 1-0